000
00298nam a22001337a 4500
008
181030b xxu||||| |||| 00| 0 eng d
020
_a
9780792354734
041
_a
eng
080
_a
101
100
_a
24
101
_a
FIL
245
_a
Descartes on the Human Soul
_c
Fowler, C.F
942
_2
udc
_c
BK
999
_c
51124
_d
51124